MARC

LEADER 00000nam0a2200000 4500
001 288300
005 20231102000056.0
035 |a (RuTPU)RU\TPU\book\312759 
090 |a 288300 
100 |a 20150324d1985 m y0rusy50 ca 
101 0 |a rus 
102 |a RU 
105 |a a k 001zy 
200 1 |a Общая радиотехника  |e учебник  |f М. М. Могилевский, И. Д. Анохина, Н. И. Бревда 
205 |a 2-е изд., перераб. и доп. 
210 |a Киев  |c Вища школа  |d 1985 
215 |a 288с.  |c ил. 
320 |a Предметный указатель: с. 281-284 
606 |a Радиотехника  |2 stltpush  |3 (RuTPU)RU\TPU\subj\71345  |9 85301 
610 1 |a электровакуумные приборы 
610 1 |a полупроводниковые приборы 
610 1 |a электронные лампы 
610 1 |a газоразрядные приборы 
610 1 |a фотоэлектрические приборы 
610 1 |a оптроны 
610 1 |a надежность 
610 1 |a электрические сигналы 
610 1 |a усилители 
610 1 |a радиодетали 
610 1 |a электропитание 
610 1 |a апериодические усилители 
610 1 |a цепи с импульсными сигналами 
610 1 |a переходные процессы 
610 1 |a генерирование 
610 1 |a формирование 
610 1 |a логические схемы 
610 1 |a триггеры 
610 1 |a функциональные узлы 
610 1 |a радиосвязь 
610 1 |a радиоизмерения 
610 1 |a антенны 
610 1 |a учебники 
675 |a 621.37(075.32)  |v 3 
700 1 |a Могилевский  |b М. М.  |g Моисей Михайлович 
701 1 |a Анохина  |b И. Д.  |g Ида Денисовна 
701 1 |a Бревда  |b Н. И.  |g Ноэми Иосифовна 
801 1 |a RU  |b 63413507  |c 20150324 
801 2 |a RU  |b 63413507  |c 20180322  |g RCR 
942 |c BK